| 000 | 01248am a2200373a 44500 | ||
|---|---|---|---|
| 003 | AR-BaBNM | ||
| 005 | 20251128210824.0 | ||
| 008 | 291020s1999 #AR|||||||||||000 | esp|| | ||
| 020 | _a950-550-263-X | ||
| 040 | _cAR-BaBNM | ||
| 245 | 1 | 0 |
_aReflexiones sobre la enseñanza de la química en distintos niveles _bEGB - Polimodal |
| 260 |
_aBuenos Aires _bMagisterio del Rio de la Plata _c1999 |
||
| 300 |
_a158 p. _btablas, il. |
||
| 490 | 0 | _aRespuestas educativas. Las ciencias naturales en la EGB | |
| 500 | _aContiene referencias bibliográficas | ||
| 504 | _aContiene referencias bibliográficas p. 153-158 | ||
| 650 | 4 | _aACTIVIDADES DE APRENDIZAJE | |
| 650 | 4 | _aENSEÑANZA DE LA QUIMICA | |
| 650 | 4 | _aFORMACION DE CONCEPTOS | |
| 650 | 4 | _aEVALUACION DEL ALUMNO | |
| 653 | _aENSEÑANZA DE LAS CIENCIAS NATURALES | ||
| 653 | _aESTRATEGIAS DIDACTICAS | ||
| 653 | _aEDUCACION GENERAL BASICA | ||
| 653 | _aEDUCACION POLIMODAL | ||
| 653 | _aCONOCIMIENTO CIENTIFICO | ||
| 700 | 1 | _aBeltrán, Faustino F. | |
| 700 | 1 | _aBulwik, Marta | |
| 700 | 1 | _aLastres, Luz | |
| 700 | 1 | _aVidarte, Laura | |
| 800 | 1 |
_aStarico de Accomo, Mabel N. _edirector |
|
| 800 | 1 |
_aBeltrán, Faustino F. _edirector |
|
| 942 | _cBK | ||
| 998 | _cRAQUEL | ||
| 999 |
_c17074 _d17074 |
||